000 00391nam a2200121Ia 4500
008 210430s9999 xx 000 0 und d
082 _a601 P9621 P
100 _aHafeez R Hoorani
245 _aProceedings of International Bhurban Conference on Applied Science & Technology
_cHafeez R Hoorani
260 _aIslamabad
_bNationalCentre for Physics
_c2004
300 _a872p.
942 _cBK
_2ddc
999 _c561794
_d561794